000 00293nam a2200121Ia 4500
008 231129s2001||||xx |||||||||||||| ||spa||
040 _bspa
082 _a344.0465 C737c
245 0 _aCompendio de normas legales sobre salud ocupacional
260 _c2001
264 _aArseg
942 _2ddc
_cBKS
999 _c7729
_d7729